L'Heure de musique : Livre II
Gespeichert in:
| 1. Verfasser: | |
|---|---|
| Format: | Buch |
| Sprache: | Französisch |
| Erschienen: |
:
Van de Velde,
1989 imprimé
|
| Katalog: | MANES: Suchergebnis im Bibliothekskatalog |
| Schulbuchspezifische Eigenschaften: |
|
| Tags: |
Tag hinzufügen
Keine Tags, Fügen Sie den ersten Tag hinzu!
|
| Hinzugefügt zu: | 13.07.1993 |
| Geändert in: | 07.05.2025 |
MARC
| LEADER | 00000nam a2200000 a 4500 | ||
|---|---|---|---|
| 001 | .b1536079 | ||
| 003 | ES-BaCBU | ||
| 005 | 20250507130121.0 | ||
| 008 | 930714s1989 fr ag || 001 ||fre|c | ||
| 020 | |a 2858680027 |a 2858680035 | ||
| 035 | |a 0263-83660 |9 ES-BaUB035 | ||
| 040 | |a ES-BaUB |b cat |c ES-BaUB | ||
| 100 | 1 | |a Corneloup, Marcel |9 31757 | |
| 245 | 1 | 2 | |a L'Heure de musique : |b Livre II |
| 260 | |a : |b Van de Velde, |c 1989 imprimé | ||
| 300 | |a 2 v. (143, 19, [15] p.): |b il., música | ||
| 500 | |a Amb música pautada | ||
| 505 | 8 | |a Conté: Livre de l'éleve ; Livre du maître | |
| 546 | |a España | ||
| 561 | |5 es-CRAI |3 p2 78(071) COR |a España. Biblioteca Universitat de Barcelona |k MANES | ||
| 690 | 0 | |a EA | |
| 691 | 0 | |a PRI | |
| 856 | |y Registro en Cercabib - CRAI | ||
| 942 | |2 ddc |c BK | ||
| 999 | |c 89178 |d 89178 | ||
| 999 | |c manes:89178 |d 89178 | ||